书目信息 |
| 题名: |
住房走向工薪族
|
|
| 作者: | 李保平 , 陈刚主编 ;李保平 执笔 | |
| 分册: | ||
| 出版信息: | 北京 经济管理出版社 1998.05 |
|
| 页数: | 246页 | |
| 开本: | 20cm | |
| 丛书名: | ||
| 单 册: | ||
| 中图分类: | F293.3 | |
| 科图分类: | ||
| 主题词: | 城市经济 , 市政经济 | |
| 电子资源: | ||
| ISBN: | 7-80118-629-X | |
| 000 | 00731nam0 2200229 450 | |
| 001 | 1455445964 | |
| 005 | 20141104152506.14 | |
| 010 | @a7-80118-629-X@dCNY13.50 | |
| 100 | @a20141104d1998 km y0chiy0120 ea | |
| 101 | 0 | @achi |
| 102 | @aCN | |
| 200 | 1 | @a住房走向工薪族@Azhu fang zou xiang gong xin zu@f李保平,陈刚主编 ; 李保平等执笔@Fli bao ping,chen gang zhu bian;li bao ping deng zhi bi |
| 210 | @a北京@c经济管理出版社@d1998.05 | |
| 215 | @a246页@d20cm | |
| 606 | 0 | @a城市经济 |
| 606 | 0 | @a市政经济 |
| 690 | @aF293.3@v4 | |
| 701 | 0 | @a李保平@Ali bao ping |
| 701 | 0 | @a陈刚主编@Achen gang zhu bian |
| 702 | 0 | @a李保平@Ali bao ping@4执笔 |
| 801 | 0 | @aCN@b大连网信软件有限公司图书馆·11@c20141104 |
| 905 | @aZUCC@dF293.3@eL677 | |
| 住房走向工薪族/李保平,陈刚主编 ; 李保平等执笔.-北京:经济管理出版社,1998.05 |
| 246页;20cm |
| ISBN 7-80118-629-X:CNY13.50 |
| ● |
| 相关链接 |
|
|
|
正题名:住房走向工薪族
索取号:F293.3/L677
 
预约/预借
| 序号 | 登录号 | 条形码 | 馆藏地/架位号 | 状态 | 备注 |
| 1 | 63451 | 200634518 | 社科二线422/409社科库 105排2列6层/ [索取号:F293.3/L677] | 在馆 | |
| 2 | 63452 | 200634527 | 社科二线422/409社科库 105排2列6层/ [索取号:F293.3/L677] | 在馆 | |
| 3 | 63453 | 200634536 | 社科库409/409社科库 105排2列6层/ [索取号:F293.3/L677] | 在馆 | |
| 4 | 63454 | 200634545 | 社科二线422/409社科库 105排2列6层/ [索取号:F293.3/L677] | 在馆 | |
| 5 | 63455 | 200634554 | 社科库409/409社科库 108排1列2层/ [索取号:F293.3/L677] | 在馆 |